Microsoft Office XP Resource Kit
Salvato in:
| Natura: | Libro |
|---|---|
| Lingua: | ceco inglese |
| Pubblicazione: |
Praha:
Computer Press,
2001
|
| Soggetti: | |
| Tags: |
Nessun Tag, puoi essere il primo ad aggiungerne!!
|
MARC
| LEADER | 00000nam a22000003a 4500 | ||
|---|---|---|---|
| 001 | 0075259 | ||
| 003 | SK-STU | ||
| 005 | 20190823090749.7 | ||
| 007 | ta | ||
| 008 | 190823s ----xo-----e------000-0-----d | ||
| 020 | |a 80-7226-244-0 | ||
| 040 | |a STU |b slo | ||
| 041 | 0 | |a cze |h eng | |
| 044 | |a xr | ||
| 245 | 1 | 0 | |a Microsoft Office XP Resource Kit |
| 260 | |a Praha: |b Computer Press, |c 2001 | ||
| 300 | |a 516 s. | ||
| 530 | |a Súčasťou je CD-verzia | ||
| 650 | 0 | 7 | |a Microsoft Office XP |
| 996 | |b 284V041153 |c V* 52919/O-24076 |l VVT |s A |a 24 |w 0075259_0001 | ||